Las drogas y su impacto en los elementos del Poder Nacional en las Provincias Montecristi y Dajabón periodo 2005-2009 / (Registro nro. 646)
[ vista simple ]
| 000 -CABECERA | |
|---|---|
| campo de control de longitud fija | 01790nam a22002657a 4500 |
| 003 - IDENTIFICADOR DEL NÚMERO DE CONTROL | |
| campo de control | OSt |
| 005 - FECHA Y HORA DE LA ÚLTIMA TRANSACCIÓN | |
| campo de control | 20190613231353.0 |
| 008 - DATOS DE LONGITUD FIJA--INFORMACIÓN GENERAL | |
| campo de control de longitud fija | 160707b xxu||||| |||| 00| 0 esp d |
| 040 ## - FUENTE DE LA CATALOGACIÓN | |
| Centro/agencia transcriptor | DO-SdBJH |
| Centro catalogador/agencia de origen | DO-SdBJH |
| Lengua de catalogación | spa |
| 090 ## - LOCALMENTE ASIGNADO TIPO-LC NÚMERO DE CLASIFICACIÓN (OCLC); NÚMERO DE CLASIFICACIÓN LOCAL (RLIN) | |
| Número de clasificación (OCLC) (R) ; Numero de clasificación, CALL (RLIN) (NR) | TG EGAEE |
| Número cutter local (OCLC) ; Número de libro/Signatura topográfica íntegra, CALL (RLIN) | 00488 2011 |
| 100 1# - ENTRADA PRINCIPAL--NOMBRE DE PERSONA | |
| Nombre de persona | Morel, Mercedes |
| Término indicativo de función/relación | sustentante |
| 245 10 - MENCIÓN DE TÍTULO | |
| Título | Las drogas y su impacto en los elementos del Poder Nacional en las Provincias Montecristi y Dajabón periodo 2005-2009 / |
| Mención de responsabilidad, etc. | Mercedes Morel; Laniel Martínez Capellan, asesores Francisco Acosta, Eduardo Klinger |
| 260 ## - PUBLICACIÓN, DISTRIBUCIÓN, ETC. | |
| Lugar de publicación, distribución, etc. | Santo Domingo : |
| Nombre del editor, distribuidor, etc. | INSUDE, |
| Fecha de publicación, distribución, etc. | 2011 |
| 300 ## - DESCRIPCIÓN FÍSICA | |
| Extensión | xiv, 95 páginas, ilustraciones |
| 502 ## - NOTA DE TESIS | |
| Nota de tesis | Tesis (Maestría en Defensa y Seguridad Nacional). -- Instituto Superior para la Defensa (INSUDE). Instituto de Graduados en Altos Estudios Estratégico, 2011 |
| 504 ## - NOTA DE BIBLIOGRAFÍA, ETC. | |
| Nota de bibliografía, etc. | Incluye referencias bibliográficas e índices |
| 505 ## - NOTA DE CONTENIDO CON FORMATO | |
| Nota de contenido con formato | Antecedentes y evolución histórica del trafico y consumo de drogas en las Provincias de Montecristi y Dajabón. -- Los componentes del Poder Nacional aplicado a las Provincias de Montecristi y Dajabón. -- Análisis del tráfico y consumo de drogas en las Provincias Montecristi y Dajabón y sus incidencias en los elementos del Poder Nacional. -- Tráfico y consumo de drogas. -- Como nuevas amenazas a la Seguridad y la Defensa en las Provincias Montecristi y Dajabón.<br/> |
| 650 #4 - PUNTO DE ACCESO ADICIONAL DE MATERIA--TÉRMINO DE MATERIA | |
| Término de materia o nombre geográfico como elemento de entrada | Poder Ejecutivo -- Aprestos militares -- Seguridad Nacional |
| 651 #4 - PUNTO DE ACCESO ADICIONAL DE MATERIA--NOMBRE GEOGRÁFICO | |
| Nombre geográfico | República Dominicana -- Tráfico y consumo de drogas -- Provincias de Montecristi y Dajabón. |
| 700 1# - PUNTO DE ACCESO ADICIONAL--NOMBRE DE PERSONA | |
| Nombre de persona | Martínez Capellan, Laniel |
| Término indicativo de función/relación | sustentante |
| 700 1# - PUNTO DE ACCESO ADICIONAL--NOMBRE DE PERSONA | |
| Nombre de persona | Acosta, Francisco |
| Término indicativo de función/relación | asesor |
| 700 1# - PUNTO DE ACCESO ADICIONAL--NOMBRE DE PERSONA | |
| Nombre de persona | Klinger, Eduardo |
| Término indicativo de función/relación | asesor |
| 830 ## - PUNTO DE ACCESO ADICIONAL DE SERIE-TÍTULO UNIFORME | |
| Título uniforme | INSUDE. Instituto de Graduados en Altos Estudios Estratégico. Tesis y disertaciones académicas |
| 942 ## - ELEMENTOS DE PUNTO DE ACCESO ADICIONAL (KOHA) | |
| Fuente del sistema de clasificación o colocación | Clasificación Local |
| Tipo de ítem Koha | Tesis |
| Estado de retiro | Estado de pérdida | Fuente del sistema de clasificación o colocación | Estado dañado | No para préstamo | Código de colección | Localización permanente | Ubicación/localización actual | Fecha de adquisición | Número de inventario | Total de préstamos | Signatura topográfica completa | Código de barras | Fecha visto por última vez | Número de copia | Precio válido a partir de | Tipo de ítem Koha |
|---|---|---|---|---|---|---|---|---|---|---|---|---|---|---|---|---|
| Clasificación Local | Préstamo Interno | Trabajos de Grado e Investigción | SIBM UNADE - Biblioteca Sede Central | SIBM UNADE - Biblioteca Sede Central | 07/07/2016 | 11-00488 | TG EGAEE 00488 2011 | 11-00488 | 10/06/2018 | e.1 | 07/07/2016 | Tesis |
